Escritos sobre Spinoza y el spinozismo

Guardat en:
Dades bibliogràfiques
Autor principal: Bayle, Pierre (Autor)
Format: Llibre
Idioma:espanyol
Publicat: Madrid Trotta 2010
Edició:1a. ed
Matèries:
Etiquetes: Afegir etiqueta
Sense etiquetes, Sigues el primer a etiquetar aquest registre!

MARC

LEADER 00000cam a2200000 a 4500
001 UCF9966
003 CL-VaPUC
008 131220e20100000sp |||||||||||||||||spa|d
020 |a 9788498791273 
082 0 4 |a 199.492  |b BAY  |2 21 
100 0 |a Bayle, Pierre  |e author  |9 317669 
245 1 0 |a Escritos sobre Spinoza y el spinozismo 
250 |a 1a. ed 
300 |a 227 p 
942 |c BK 
945 |d 20131220 10:31:00  |a dcastane 
260 |a Madrid  |b Trotta  |c 2010 
600 0 7 |a SPINOZA, BENEDICTUS  |2 CL-VaPUC  |9 572366 
650 0 |a Filosofía holandesa   |9 319728 
650 7 |a FILOSOFOS HOLANDESES  |2 CL-VaPUC  |9 571493 
583 |a last modification  |c 20131220 10:31:00  |k Rodrigo Vera 
999 |c 354295  |d 354293 
952 |0 0  |1 0  |3 erb  |4 0  |6 199_492000000000000_BAY_2010  |7 0  |8 A  |9 460071  |a BIBEDU  |b BIBEDU  |i 503664K  |o 199.492 BAY 2010  |p 503664K  |r 2019-11-23  |w 2019-11-23  |y BK  |z Catalogado en:20131220  |k FIL 
952 |0 0  |1 0  |3 erb  |4 0  |6 199_492000000000000_BAY_2010  |7 0  |8 A  |9 460072  |a BIBEDU  |b BIBEDU  |i 5248965  |o 199.492 BAY 2010  |p 5248965  |r 2019-11-23  |w 2019-11-23  |y BK  |z Catalogado en:20151112  |k FIL